| Tag |
First Indicator |
Second Indicator |
Subfields |
| LEADER |
00000cjm a2200000Ia 4500 |
| 001 |
in00002749708 |
| 005 |
20151202170146.0 |
| 007 |
sd fungnn|||ed |
| 008 |
080528p20082007nyurcnn n eng d |
| 019 |
|
|
|a 228378511
|
| 024 |
1 |
|
|a 886972266527
|
| 028 |
0 |
1 |
|a 88697 22665 2
|b Columbia Records
|
| 028 |
0 |
1 |
|a CKA-722655 (disc 1)
|b Columbia Records
|
| 028 |
0 |
1 |
|a CKB-722665 (disc 2)
|b Columbia Records.
|
| 033 |
0 |
0 |
|a 20071208
|b 4364
|c L8
|
| 035 |
|
|
|a (OCoLC)ocn229174920
|
| 035 |
|
|
|a (OCoLC)229174920
|z (OCoLC)228378511
|
| 040 |
|
|
|a TEFMT
|b eng
|c TEFMT
|d TEF
|d BTCTA
|d JP3
|d NPC
|d VP@
|d OCLCQ
|d BDX
|d UtOrBLW
|
| 049 |
|
|
|a TXAM
|
| 050 |
1 |
4 |
|a M1630.18.M39
|b W44 2008
|
| 082 |
0 |
4 |
|a 782.42166
|2 22
|
| 100 |
1 |
|
|a Mayer, John,
|d 1977-
|e performer.
|
| 245 |
1 |
0 |
|a Where the light is :
|b John Mayer live in Los Angeles.
|
| 246 |
3 |
0 |
|a John Mayer live in Los Angeles
|
| 264 |
|
1 |
|a New York, NY :
|b Columbia Records,
|c [2008]
|
| 264 |
|
4 |
|c ℗2008
|
| 300 |
|
|
|a 2 sound discs :
|b digital ;
|c 4 3/4 in. +
|e 1 insert ([12] pages : color illustrations 12 cm.)
|
| 306 |
|
|
|a 012421
|
| 336 |
|
|
|a performed music
|b prm
|2 rdacontent
|
| 337 |
|
|
|a audio
|b s
|2 rdamedia
|
| 338 |
|
|
|a audio disc
|b sd
|2 rdacarrier
|
| 500 |
|
|
|a Compact discs.
|
| 508 |
|
|
|a Produced by Chad Franscoviak.
|
| 511 |
0 |
|
|a Performed by John Mayer, vocals, guitar ; with the John Mayer Trio or the John Mayer Band.
|
| 518 |
|
|
|a Recorded Dec. 8, 2007 at the Nokia Theater, Los Angeles, Calif.
|
| 505 |
0 |
0 |
|g Disc one.
|t Neon
|g (5:57) ;
|t Stop this train
|g (5:00) ;
|t In your atmosphere
|g (5:45) ;
|t Daughters
|g (5:04) ;
|t Free fallin'
|g (4:23) ;
|t Everyday I have the blues
|g (4:14) ;
|t Wait until tomorrow
|g (4:19) ;
|t Who did you think I was
|g (4:23) ;
|t Come when I call
|g (3:23) ;
|t Good love is on the way
|g (4:18) ;
|t Out of my mind
|g (10:12) ;
|t Vultures
|g (5:19) ;
|t Bold as love
|g (8:35) --
|g Disc two.
|t Waiting on the world to change
|g (3:52) ;
|t Slow dancing in a burning room
|g (5:19) ;
|t Why Georgia
|g (4:27) ;
|t The heart of life
|g (3:40) ;
|t I don't need no doctor
|g (6:03) ;
|t Gravity
|g (9:41) ;
|t I don't trust myself (with loving you)
|g (8:44) ;
|t Belief
|g (6:03) ;
|t I'm gonna find another you
|g (5:40).
|
| 500 |
|
|
|a Sound recording.
|
| 650 |
|
0 |
|a Rock music
|y 2001-2010.
|
| 650 |
|
0 |
|a Blues (Music)
|y 2001-2010.
|
| 650 |
|
0 |
|a Blues-rock music.
|
| 650 |
|
0 |
|a Alternative rock music.
|
| 655 |
|
0 |
|a Compact discs.
|
| 655 |
|
7 |
|a Live sound recordings.
|2 lcgft
|
| 710 |
2 |
|
|a John Mayer Trio.
|
| 710 |
2 |
|
|a John Mayer Band.
|
| 948 |
|
|
|a cataloged
|b h
|c 2012/5/3
|d c
|e jstorlie
|f 11:03:59 am
|
| 994 |
|
|
|a C0
|b TXA
|
| 999 |
|
|
|a MARS
|
| 999 |
f |
f |
|s 632c69be-3f5b-39b3-b072-5f0c6cc2204d
|i 2c81c680-3f82-3555-a8a2-dbb94f6281ad
|t 0
|
| 952 |
f |
f |
|p ric
|a Texas A&M University
|b Rellis Campus
|c Joint Library Facility
|d Remote Storage
|t 0
|e M1630.18.M39 W44 2008
|h Library of Congress classification
|i audio -- audio disc
|m A14841403214
|
| 998 |
f |
f |
|a M1630.18.M39 W44 2008
|t 0
|l Remote Storage
|